Le Maroc de A à Z - Statistiques

Statistiques générales
  • Ce quiz a été pris 1 642 fois
  • Le résultat moyen est 16 sur 23
Statistiques - réponses
Lettre Indice Réponse % Correct
C Capitale économique du Maroc et ville la plus peuplée du Maghreb Casablanca
97%
I Religion d'État, pratiquée par la majorité de la population Islam
94%
M Actuel roi du Maroc Mohammed VI
94%
F Ancienne ville impériale, qui abrite aujourd'hui la plus vieille université du monde encore en activité Fès
93%
E Pays qui, avec la France, exerça un protectorat sur le Maroc jusqu'en 1956 Espagne
92%
G Détroit situé au nord du Maroc Détroit de Gibraltar
90%
B Ethnie dont est principalement issue la population marocaine Berbère
88%
D Dialecte parlé dans tout le Maghreb Darija
85%
T Plat emblématique de la cuisine marocaine, que l'on retrouve également dans les autres pays du Maghreb Tajine
85%
V Couleur de la marche pacifique organisée par Hassan II en 1975, en vue de récupérer le Sahara espagnol Marche verte
82%
O Grande ville la plus proche de la frontière algérienne Oujda
78%
R Club de football de la ville C, rival du Wydad Raja Casablanca
74%
Z Footballeur international marocain, passé par l'Ajax, Galatasaray ou encore Chelsea Hakim Ziyech
73%
P Mouvement politique indépendantiste armé, qui revendique le Sahara occidental Front Polisario
71%
W Deuxième élément de la devise marocaine, qui signifie "la Patrie" Al Watan
69%
A Dynastie actuellement à la tête du Maroc, depuis 1666 Alaouites
62%
L Ville au sud du pays, revendiquée comme capitale par le Sahara occidental Laâyoune
57%
H Célèbre kick-boxeur marocain combattant dans la catégorie des poids-lourds Badr Hari
51%
J En raison de son importante population juive, Tétouan était surnommé "la petite _________" La petite Jérusalem
50%
K Résistant marocain, président de la république du Rif de 1921 à 1926 Abdelkrim al-Khattabi
29%
Q Université située dans la ville F, fondée en 859, elle est la plus vieille université du monde encore en activité Al Qaraouiyine
21%
Y Nouvel An amazigh Yennayer
21%
S Dynastie arabe ayant régné sur le Maroc de 1554 à 1659 Saadiens
16%
Aucun quiz correspondant
Distribution des résultats
% des personnes avec chaque résultat
Percentile par nombre de réponses
Votre historique - résultats
Vous n’avez pas pris ce quiz